The life of the John W. de la Flechere / Joseph Benson (Registro nro. 40741)
[ vista simple ]
| 000 -LÍDER | |
|---|---|
| Campo fijo de descripción fija | 003280000a22001330004500 |
| 041 0# - CÓDIGO DE IDIOMA | |
| Código de idioma para texto/pista de sonido o título separado | |
| 082 04 - NÚMERO DE CLASIFICACIÓN DECIMAL DEWEY | |
| Número de clasificación | G 922 F593i |
| 001 - NÚMERO DE CONTROL | |
| Campo de control | 11436 |
| 100 1# - ASIENTO PRINCIPAL--NOMBRE PERSONAL | |
| Nombre personal | Benson, Joseph (1749–1821) |
| 245 10 - TÍTULO | |
| Título del Material | The life of the John W. de la Flechere / Joseph Benson |
| 260 ## - PUBLICACIÓN, DISTRIBUCIÓN, ETC. (PIE DE IMPRENTA) | |
| Lugar de publicación, distribución, etc. | New YOrk, USA : Phillips & Hunt |
| 300 ## - DESCRIPCIÓN FÍSICA | |
| Extensión | 356 Pag |
| 942 ## - TIPO DE MATERIAL (KOHA) | |
| Tipo de Item KOHA | Libros General |
| Estado de Material | Estado de Perdido | Forma de Clasificación | Estado de Dañado | No para Préstamo | Colección | Tomo | Biblioteca de Origen | Biblioteca Permanente | Fecha de Adquisición | Total de Préstamos | Signatura Topográfica | Código de Barras | Última vez visto | Ejemplar/Existencia | Fecha de Remplazo | Tipo de Material |
|---|---|---|---|---|---|---|---|---|---|---|---|---|---|---|---|---|
| Dewey Decimal Classification | Colección Patrimonial | Biblioteca FUSBC | Biblioteca FUSBC | 27/01/2005 | P 922 F593i | 10752 | 12/12/2019 | 1 | 26/01/2016 | Libros Patrimoniales |
